Basket Bros Player Names - Statistics

General Stats
  • This quiz has been taken 43 times
  • The average score is 6 of 10
Answer Stats
Picture Answer % Correct
Luke Magic
89%
Trey Youth
83%
Zane Willow
67%
Vic Wamby
61%
Big Nick
56%
Zat Machine
56%
Jan Soarant
44%
Joe Imbig
44%
Kay Sniper
44%
Geo Freako
39%
No matching quizzes found
Score Distribution
Percent of People with Each Score
Percentile by Number Answered
Your Score History
You have not taken this quiz